Anugerah Untuk Si Jujur

Bibliographic Details
Main Author: Syed Mahadzir
Format: Book
Published: Selangor : Cooray's House Of Publication Sdn Bhd , (s.n)
Series:Siri Hentikan Buli

MARC

LEADER 00000cam a2200000 7i4500
001 0000051712
005 20150906.0
008 150906
020 |a 9832852811(set) 
020 |a 983285296X 
090 0 0 |a MOR   |b MAL 
100 0 |a Syed Mahadzir 
245 1 0 |a Anugerah Untuk Si Jujur   |c Syed Mahadzir 
260 |a Selangor :   |b Cooray's House Of Publication Sdn Bhd ,   |c (s.n) 
490 0 |a Siri Hentikan Buli 
999 |a 0001042870   |b Book   |c Children Collection   |e Cawangan Taman Universiti 
999 |a 0001042871   |b Book   |c Children Collection   |e Cawangan Tangkak 
999 |a 0001049930   |b Book   |c Children Collection   |e Cawangan Mersing 
999 |a 0001049931   |b Book   |c Children Collection   |e Cawangan Pontian 
999 |a 0001049932   |b Book   |c Children Collection   |e Cawangan Taman Universiti 
999 |a 0001052038   |b Book   |c Children Collection   |e Cawangan Taman Universiti 
999 |a 0001052039   |b Book   |c Children Collection   |e Cawangan Kota Tinggi 
999 |a 0001052857   |b Book   |c Teenagers   |e Cawangan Bandar Tenggara 
999 |a 0001071032   |b Book   |c Children Collection   |e Cawangan Taman Universiti 
999 |a 0001071047   |b Book   |c Teenagers   |e Cawangan Bandar Tenggara 
999 |a 0001075535   |b Book   |c Children Collection   |e Cawangan Kota Tinggi 
999 |a 0001075634   |b Book   |c Children Collection   |e Cawangan Mersing 
999 |a 0001075757   |b Book   |c Children Collection   |e Cawangan Taman Universiti 
999 |a 0001130557   |b Book   |c Children Collection   |e Cawangan Taman Sri Lambak 
999 |a 0001130620   |b Book   |c Annual Reports   |e Cawangan Mersing 
999 |a 0001130687   |b Book   |c Children Collection   |e Cawangan Segamat 
999 |a 0001138604   |b Book   |c Children Collection   |e Cawangan Pontian